[Event "Geneve Bois Gentil op"]
[Site "Geneve"]
[Date "2020.01.10"]
[Round "1"]
[White "Kupalov, Igor"]
[Black "Solari, Matteo"]
[Result "1-0"]
[WhiteElo "2059"]
[BlackElo "1692"]
[PlyCount "69"]
[EventDate "2020.01.10"]
[EventType "swiss"]
[EventRounds "7"]
[EventCountry "SUI"]
[SourceTitle "CBM 195 Extra"]
[Source "ChessBase"]
[SourceDate "2020.05.31"]
[SourceVersion "1"]
[SourceVersionDate "2020.05.31"]
[SourceQuality "1"]

1. e4 a6 2. d4 b5 3. Bd3 Bb7 4. f4 e6 5. Nf3 Ne7 6. 0-0 f5 7. Nbd2 g6 8. c3 Bg7 9. a4 b4 10. Qe2 0-0 11. c4 fxe4 12. Bxe4 Nbc6 13. Nb3 Nf5 14. Qd3 Qf6 15. Ne5 Nxe5 16. fxe5 Bxe4 17. Qxe4 Qe7 18. Bf4 d5 19. cxd5 exd5 20. Qxd5+ Kh8 21. Rac1 Rad8 22. Qe4 Qe6 23. Nc5 Qb6 24. Be3 Rfe8 25. g4 Nxe3 26. Qxe3 Rd5 27. Qf2 Red8 28. Nb3 Qe6 29. h3 h5 30. Qf7 Qxf7 31. Rxf7 R8d7 32. Rxc7 Rxc7 33. Rxc7 hxg4 34. hxg4 Bh6 35. Kf2 1-0